000 00932nam a2200253Ia 4500
003 OSt
005 20220923220031.0
006 a|||||r|||| 00| 0
007 ta
008 220922b |||||||| |||| 00| 0 hin d
024 _a183,709
037 _cTextual
040 _aARTS
_cARTS
_bhin
041 _2hin
_ahin
082 _aO152,1N2:g, N0
100 _aसिंह, ओमप्रकाश
_9156272
245 0 _aछायावादी कविता की आलोचना
_b स्वरूप और मूल्यांकन
246 _aChhāyāvādī kavitā kī ālochanā: svarūp aur mūlyāankana
260 _aकानपुर
_b आराधना ब्रदर्स
_c1990
300 _a328 पृ.
_ccm.
650 _aहिन्दी साहित्य
_9156264
942 _hO152,1N2:g, N0
_cTEXL
_2CC
999 _c337029
_d337029